00880nam a2200241 a 450000100100000000500170001000800410002702000150006804000250008308200150010810000290012324000460015224501170019826000440031530000210035949000300038050000740041053400460048465000300053065000190056070000290057983000300060800001977620200929170133.0100706s1987 sp r 000 0 spa d a8476270186 aDO-SdBNPbspacBNPHU a154bW132g1 aWagner McClain, Florence10aA practical guide to past life regression10aGuía práctica de la regresión a vidas pasadas /cFlorence Wagner McClain ; traducción Alicia González. aMadrid :bLuis Cármaco editor,c1987. a175 p. ;c21 cm.1 aSerie llewellyn nueva era aIncluye referencias bibliográficas y notas al pie de las páginas. aA practical guide to past life regression 4aAnálisis de regresión 4aSubconsciencia1 aGonzález, Alicia,etr. 0aSerie llewellyn nueva era